| Поле | Название | Значение |
| |
Тип записи |
a |
| |
Библиографический уровень |
m |
| 001 |
Контрольный номер |
BIBLIOCLUB\0000574692 |
| 005 |
Дата корректировки |
20230117154120.1 |
| 006 |
|
m o d |
| 007 |
Элементы данных для физической характеристики |
c||||||||||||| |
| 008 |
Кодируемые данные |
s2018 rus o rus d |
| 020 |
Индекс ISBN |
__ |
| a |
ISBN |
978-5-7782-3703-2 |
| 041 |
Код языка издания |
0_ |
| a |
Код языка текста |
rus |
| 084 |
Индекс другой классификации/Индекс ББК |
__ |
| a |
Индекс другой классификации/Индекс ББК |
31.27я73 |
| b |
Номер единицы |
LBC/PL |
| 2 |
Источник индекса |
rubbk |
| 245 |
Заглавие |
10 |
| a |
Заглавие |
Электроэнергетические системы и управление ими |
| b |
Продолж. заглавия |
учебное пособие |
| c |
Ответственность |
А. Г. Русина, Т. А. Филиппова, А. Ю. Арестова, Н. А. Корнеева, А. В. Николаев |
| c |
Ответственность |
Новосибирский государственный технический университет |
| 260 |
Выходные данные |
__ |
| a |
Место издания |
Новосибирск |
| b |
Издательство |
Новосибирский государственный технический университет |
| c |
Дата издания |
2018 |
| 300 |
Физическое описание |
__ |
| a |
Объем |
74 с. |
| b |
Иллюстрации/ тип воспроизводства |
ил., табл. |
| 504 |
Библиография |
__ |
| a |
Библиография |
Библиогр. в кн |
| 653 |
Ключевые слова |
1_ |
| a |
Ключевые слова |
Учебник для высшей школы |
| 700 |
Другие авторы |
_1 |
| a |
Другие авторы |
Арестова А. Ю. |
| 700 |
Другие авторы |
_1 |
| a |
Другие авторы |
Корнеева Н. А. |
| 700 |
Другие авторы |
_1 |
| a |
Другие авторы |
Николаев А. В. |
| 700 |
Другие авторы |
_1 |
| a |
Другие авторы |
Русина А. Г. |
| 700 |
Другие авторы |
_1 |
| a |
Другие авторы |
Филиппова Т. А. |
| 856 |
Электронный адрес документа |
40 |
| 3 |
Область применения данных поля |
Университетская библиотека ONLINE |
| u |
URL |
https://biblioclub.ru/index.php?page=book&id=574692 |
| 952 |
Тип литературы |
__ |
| c |
Вид литературы |
учебное пособие |